00403nam a2200121Ia 4500008004100000100002200041245002800063245002900091260000900120856006000129999001900189952007300208160531s9999 xx 000 0 und d aMatsuno, Hiroaki. aInnovative Rheumatology cby Hiroaki Matsuno (ed.) c2013 uhttp://www.intechopen.com/books/innovative-rheumatology c295392d295392 001040aCLbCLd2016-05-31l0r2016-05-31 00:00:00w2016-05-31yCBE